[Event "DSJ Weihnachtsturnier U20 2020"]
[Site "https://play.chessbase.com/en/play?room=DSJWeihnachtU20"]
[Date "2020.12.29"]
[Round "2"]
[White "Ortmeier, Leonhard"]
[Black "Engel, Luis"]
[Result "1-0"]
[Termination "normal"]
[Board "1.1"]
[WhiteTitle "FM"]
[BlackTitle "GM"]
[WhiteElo "2290"]
[BlackElo "2553"]
[WhiteTeam "Schachklub Münster 32"]
[BlackTeam "Hamburger SK von 1830"]
[PlyCount "83"]
[WhiteFideId "12993662"]
[BlackFideId "12961523"]
[EventRounds "7"]
[EventType "team-swiss"]
[EventDate "2020.12.29"]

1. Nf3 {[%emt 0:00:10]} d5 {[%emt 0:00:04]} 2. g3 {[%emt 0:00:05]} g6 {[%emt
0:00:01]} 3. Bg2 {[%emt 0:00:02]} Bg7 {[%emt 0:00:01]} 4. O-O {[%emt 0:00:02]}
e5 {[%emt 0:00:02]} 5. d3 {[%emt 0:00:04]} Ne7 {[%emt 0:00:02]} 6. Nbd2 {[%emt
0:00:02]} O-O {[%emt 0:00:03]} 7. e4 {[%emt 0:00:06]} Nbc6 {[%emt 0:00:07]} 8.
c3 {[%emt 0:00:21]} a5 {[%emt 0:00:11]} 9. Qc2 {[%emt 0:00:08]} a4 {[%emt
0:00:23] } 10. Re1 {[%emt 0:00:53]} h6 {[%emt 0:00:15]} 11. exd5 {[%emt
0:01:29]} Nxd5 { [%emt 0:00:00]} 12. Nc4 {[%emt 0:00:01]} Re8 {[%emt 0:00:06]}
13. a3 {[%emt 0:01:21]} Bf5 {[%emt 0:00:23]} 14. Nh4 {[%emt 0:00:23]} Ndb4
{[%emt 0:01:37]} 15. axb4 {[%emt 0:02:19]} Bxd3 {[%emt 0:00:04]} 16. Qd2 {[%emt
0:00:12]} Bxc4 { [%emt 0:00:03]} 17. Qe3 {[%emt 0:00:07]} Re6 {[%emt 0:01:04]}
18. Qc5 {[%emt 0:00:12]} Bd3 {[%emt 0:00:15]} 19. Rd1 {[%emt 0:00:35]} Bf8
{[%emt 0:00:29]} 20. Qe3 {[%emt 0:00:03]} Rd6 {[%emt 0:00:04]} 21. Nf3 {[%emt
0:00:30]} e4 {[%emt 0:00:20]} 22. Ne1 {[%emt 0:00:02]} Bc4 {[%emt 0:02:16]} 23.
Rxd6 {[%emt 0:00:04]} cxd6 {[%emt 0:00:02]} 24. Bxe4 {[%emt 0:00:02]} d5 {[%emt
0:00:02]} 25. Bg2 { [%emt 0:00:04]} Qd7 {[%emt 0:00:05]} 26. Nf3 {[%emt
0:00:04]} Re8 {[%emt 0:00:02]} 27. Qd2 {[%emt 0:00:04]} b5 {[%emt 0:00:24]} 28.
Bf1 {[%emt 0:00:31]} Bxf1 {[%emt 0:00:14]} 29. Kxf1 {[%emt 0:00:01]} Qh3+
{[%emt 0:00:09]} 30. Kg1 { [%emt 0:00:01]} d4 {[%emt 0:00:07]} 31. Nxd4 {[%emt
0:00:18]} Ne5 {[%emt 0:00:25]} 32. Qd1 {[%emt 0:00:31]} Rd8 {[%emt 0:00:24]}
33. Bf4 {[%emt 0:00:02]} Ng4 {[%emt 0:00:08]} 34. Qf3 {[%emt 0:00:07]} Qxh2+
{[%emt 0:00:08]} 35. Kf1 { [%emt 0:00:01]} Qh5 {[%emt 0:00:09]} 36. Qg2 {[%emt
0:00:02]} Nh2+ {[%emt 0:00:03]} 37. Kg1 {[%emt 0:00:02]} Ng4 {[%emt 0:00:06]}
38. Re1 {[%emt 0:00:01]} Bxb4 {[%emt 0:00:09]} 39. f3 {[%emt 0:00:06]} Bc5
{[%emt 0:00:28]} 40. fxg4 { [%emt 0:00:02]} Qxg4 {[%emt 0:00:00]} 41. Qe2
{[%emt 0:00:03]} b4 {[%emt 0:00:02]} 42. Qxg4 {[%emt 0:00:01]} 1-0

[Event "DSJ Weihnachtsturnier U20 2020"]
[Site "https://play.chessbase.com/en/play?room=DSJWeihnachtU20"]
[Date "2020.12.29"]
[Round "2"]
[White "Woelk, Tom-Frederic"]
[Black "Kamp, Adrian"]
[Result "1-0"]
[Termination "normal"]
[Board "1.2"]
[WhiteElo "2245"]
[BlackElo "1982"]
[WhiteTeam "Hamburger SK von 1830"]
[BlackTeam "Schachklub Münster 32"]
[PlyCount "49"]
[WhiteFideId "12993077"]
[BlackFideId "16222466"]
[EventRounds "7"]
[EventType "team-swiss"]
[EventDate "2020.12.29"]

1. d4 {[%emt 0:00:26]} Nf6 {[%emt 0:00:05]} 2. c4 {[%emt 0:00:29]} g6 {[%emt
0:00:03]} 3. Nc3 {[%emt 0:00:03]} d5 {[%emt 0:00:02]} 4. cxd5 {[%emt 0:00:01]}
Nxd5 {[%emt 0:00:01]} 5. e4 {[%emt 0:00:01]} Nxc3 {[%emt 0:00:01]} 6. bxc3 {
[%emt 0:00:00]} Bg7 {[%emt 0:00:01]} 7. Bb5+ {[%emt 0:00:01]} c6 {[%emt
0:00:13]} 8. Ba4 {[%emt 0:00:02]} O-O {[%emt 0:00:03]} 9. Ne2 {[%emt 0:00:01]}
b5 { [%emt 0:00:06]} 10. Bb3 {[%emt 0:00:10]} c5 {[%emt 0:00:03]} 11. Bd5
{[%emt 0:00:02]} cxd4 {[%emt 0:00:15]} 12. cxd4 {[%emt 0:01:48]} Nc6 {[%emt
0:00:38]} 13. Bxc6 {[%emt 0:00:03]} Rb8 {[%emt 0:00:01]} 14. Bd5 {[%emt
0:00:03]} e6 { [%emt 0:00:09]} 15. Bb3 {[%emt 0:00:01]} Bb7 {[%emt 0:00:24]}
16. f3 {[%emt 0:00:03]} Qa5+ {[%emt 0:00:40]} 17. Qd2 {[%emt 0:00:08]} Qb6
{[%emt 0:00:03]} 18. Bb2 {[%emt 0:00:33]} Rfd8 {[%emt 0:00:05]} 19. O-O {[%emt
0:00:46]} a5 { [%emt 0:00:07]} 20. Kh1 {[%emt 0:00:17]} a4 {[%emt 0:00:03]} 21.
Bc2 {[%emt 0:00:02]} Rbc8 {[%emt 0:00:21]} 22. Rad1 {[%emt 0:00:04]} Bc6 {[%emt
0:00:17]} 23. Bc3 {[%emt 0:00:46]} Bf8 {[%emt 0:00:58]} 24. Bb4 {[%emt
0:00:07]} Bg7 { [%emt 0:00:13]} 25. Ba5 {[%emt 0:00:05]} 1-0

[Event "DSJ Weihnachtsturnier U20 2020"]
[Site "https://play.chessbase.com/en/play?room=DSJWeihnachtU20"]
[Date "2020.12.29"]
[Round "2"]
[White "Schröder, Lennart"]
[Black "Holinka, Henning"]
[Result "0-1"]
[Termination "normal"]
[Board "1.3"]
[WhiteElo "1906"]
[BlackElo "2256"]
[WhiteTeam "Schachklub Münster 32"]
[BlackTeam "Hamburger SK von 1830"]
[PlyCount "76"]
[WhiteFideId "16222490"]
[BlackFideId "12967084"]
[EventRounds "7"]
[EventType "team-swiss"]
[EventDate "2020.12.29"]

1. d4 {[%emt 0:00:14]} g6 {[%emt 0:00:16] .} 2. Nf3 {[%emt 0:00:05]} Bg7 {[%emt
0:00:03] .} 3. g3 {[%emt 0:00:03]} d6 {[%emt 0:00:22] .} 4. Bg2 {[%emt
0:00:02]} Nd7 {[%emt 0:00:14] .} 5. b3 {[%emt 0:00:07]} e5 {[%emt 0:00:10] .}
6. Bb2 {[%emt 0:00:20]} Ne7 {[%emt 0:00:08] .} 7. dxe5 { [%emt 0:00:06]} dxe5
{[%emt 0:00:00] .} 8. O-O {[%emt 0:00:08]} O-O {[%emt 0:00:03] .} 9. Nbd2
{[%emt 0:00:21]} h6 {[%emt 0:00:12] .} 10. e3 {[%emt 0:00:13] } f5 {[%emt
0:00:14] .} 11. c4 {[%emt 0:00:20]} Qe8 {[%emt 0:00:24] .} 12. Qc2 {[%emt
0:00:12]} a5 {[%emt 0:00:29] .} 13. a3 {[%emt 0:00:10]} g5 {[%emt 0:00:14] .}
14. b4 {[%emt 0:00:14]} Ng6 {[%emt 0:00:29] .} 15. c5 {[%emt 0:00:17]} Nf6
{[%emt 0:00:28] .} 16. Nc4 {[%emt 0:00:16]} e4 {[%emt 0:00:19] .} 17. Nfe5
{[%emt 0:00:22]} Nxe5 {[%emt 0:00:39] .} 18. Bxe5 {[%emt 0:00:03]} axb4 { [%emt
0:00:10] .} 19. axb4 {[%emt 0:00:05]} Be6 {[%emt 0:00:04] .} 20. Bxc7 { [%emt
0:00:04]} Rxa1 {[%emt 0:00:40] .} 21. Rxa1 {[%emt 0:00:11]} Qf7 {[%emt 0:00:18]
.} 22. Bd6 {[%emt 0:00:32]} Bxc4 {[%emt 0:00:09]} 23. Bxf8 {[%emt 0:00:01] .}
Bxf8 {[%emt 0:00:02] .} 24. Bf1 {[%emt 0:00:04]} Bd5 {[%emt 0:00:26] .} 25. b5
{[%emt 0:00:13]} Qc7 {[%emt 0:00:59] .} 26. Rc1 {[%emt 0:00:08]} Kg7 { [%emt
0:00:07] .} 27. c6 {[%emt 0:00:35]} bxc6 {[%emt 0:00:10]} 28. bxc6 { [%emt
0:00:00]} Ng4 {[%emt 0:00:23] .} 29. Bb5 {[%emt 0:00:37]} Ne5 {[%emt 0:00:06]}
30. Kg2 {[%emt 0:00:02] .} Kg6 {[%emt 0:00:21] .} 31. h4 {[%emt 0:00:08]} gxh4
{[%emt 0:00:07]} 32. gxh4 {[%emt 0:00:01] .} Nf3 {[%emt 0:00:13] .} 33. Kf1
{[%emt 0:00:15]} Bb4 {[%emt 0:00:46] .} 34. Rd1 {[%emt 0:00:32]} Be6 { [%emt
0:00:09] .} 35. Ke2 {[%emt 0:00:13]} Qb6 {[%emt 0:00:34] .} 36. Qa4 { [%emt
0:00:22]} Qc5 {[%emt 0:00:07] .} 37. c7 {[%emt 0:00:08]} Bc4+ {[%emt 0:00:07]
.} 38. Bxc4 {[%emt 0:00:07]} Qxc4+ {[%emt 0:00:01] .} 0-1

[Event "DSJ Weihnachtsturnier U20 2020"]
[Site "https://play.chessbase.com/en/play?room=DSJWeihnachtU20"]
[Date "2020.12.29"]
[Round "2"]
[White "Meyling, Lennart"]
[Black "Toval, David"]
[Result "1-0"]
[Termination "time forfeit"]
[Board "1.4"]
[WhiteElo "2044"]
[BlackElo "1857"]
[WhiteTeam "Hamburger SK von 1830"]
[BlackTeam "Schachklub Münster 32"]
[PlyCount "61"]
[WhiteFideId "12947130"]
[BlackFideId "12992755"]
[EventRounds "7"]
[EventType "team-swiss"]
[EventDate "2020.12.29"]

1. d4 {[%emt 0:00:13]} Nf6 {[%emt 0:00:02]} 2. c4 {[%emt 0:00:02]} g6 {[%emt
0:00:01]} 3. Nc3 {[%emt 0:00:03]} Bg7 {[%emt 0:00:01]} 4. e4 {[%emt 0:00:02]}
d6 {[%emt 0:00:01]} 5. Nf3 {[%emt 0:00:07]} O-O {[%emt 0:00:02]} 6. Be2 {[%emt
0:00:06]} a5 {[%emt 0:00:12]} 7. O-O {[%emt 0:00:05]} Nc6 {[%emt 0:00:02]} 8.
d5 {[%emt 0:00:41]} Nb4 {[%emt 0:00:09]} 9. Nd4 {[%emt 0:00:21]} e5 {[%emt
0:01:12]} 10. dxe6 {[%emt 0:00:05]} Bxe6 {[%emt 0:00:05]} 11. Nxe6 {[%emt
0:00:12]} fxe6 {[%emt 0:00:00]} 12. Bf3 {[%emt 0:00:24]} Nd7 {[%emt 0:01:22]}
13. Bg4 { [%emt 0:00:40]} Qe7 {[%emt 0:00:58]} 14. a3 {[%emt 0:00:49]} Nc6
{[%emt 0:01:25]} 15. f4 {[%emt 0:02:04]} Nd4 {[%emt 0:02:12]} 16. Be3 {[%emt
0:00:58]} c5 { [%emt 0:00:37]} 17. Kh1 {[%emt 0:00:09]} Nf6 {[%emt 0:00:24]}
18. Bh3 {[%emt 0:00:07]} Rad8 {[%emt 0:01:04]} 19. Bxd4 {[%emt 0:00:35]} cxd4
{[%emt 0:00:00]} 20. Qxd4 {[%emt 0:00:04]} Nh5 {[%emt 0:00:36]} 21. Qd2 {[%emt
0:00:07]} Bxc3 { [%emt 0:00:03]} 22. bxc3 {[%emt 0:00:32]} Qf6 {[%emt 0:00:10]}
23. f5 {[%emt 0:00:03]} e5 {[%emt 0:00:04]} 24. g3 {[%emt 0:00:09]} g5 {[%emt
0:00:01]} 25. Qd5+ {[%emt 0:00:06]} Qf7 {[%emt 0:00:01]} 26. Rab1 {[%emt
0:00:05]} Qxd5 { [%emt 0:00:02]} 27. cxd5 {[%emt 0:00:02]} Rf7 {[%emt 0:00:01]}
28. Rb5 { [%emt 0:00:05]} Rc8 {[%emt 0:00:02]} 29. f6 {[%emt 0:00:05]} Rxc3
{[%emt 0:00:02]} 30. Be6 {[%emt 0:00:01]} Rc4 {[%emt 0:00:03]} 31. Rxb7 {[%emt
0:00:04] TimeB} 1-0

[Event "DSJ Weihnachtsturnier U20 2020"]
[Site "https://play.chessbase.com/en/play?room=DSJWeihnachtU20"]
[Date "2020.12.29"]
[Round "2"]
[White "Ciolacu, Alessia-Mihaela"]
[Black "Wachinger, Nikolas"]
[Result "0-1"]
[Termination "normal"]
[Board "2.2"]
[WhiteTitle "WFM"]
[WhiteElo "2052"]
[BlackElo "2369"]
[WhiteTeam "Schachverein Hemer 1932"]
[BlackTeam "SV Werder Bremen"]
[PlyCount "156"]
[WhiteFideId "1252640"]
[BlackFideId "12962791"]
[EventRounds "7"]
[EventType "team-swiss"]
[EventDate "2020.12.29"]

1. Nf3 {[%emt 0:00:06]} Nf6 {[%emt 0:00:04]} 2. c4 {[%emt 0:00:02]} g6 { [%emt
0:00:02]} 3. Nc3 {[%emt 0:00:02]} Bg7 {[%emt 0:00:01]} 4. e4 {[%emt 0:00:03]}
d6 {[%emt 0:00:01]} 5. d4 {[%emt 0:00:02]} O-O {[%emt 0:00:02]} 6. h3 { [%emt
0:00:01]} c5 {[%emt 0:00:21]} 7. d5 {[%emt 0:00:07]} b5 {[%emt 0:00:36]} 8.
cxb5 {[%emt 0:00:16]} a6 {[%emt 0:00:04]} 9. bxa6 {[%emt 0:00:03]} Bxa6 { [%emt
0:00:32]} 10. Bxa6 {[%emt 0:00:03]} Rxa6 {[%emt 0:00:06]} 11. O-O { [%emt
0:00:04]} Nbd7 {[%emt 0:00:03]} 12. Qe2 {[%emt 0:00:08]} Qa8 {[%emt 0:00:02]}
13. Bf4 {[%emt 0:00:41]} Rb8 {[%emt 0:00:07]} 14. Rfd1 {[%emt 0:00:40]} Rab6
{[%emt 0:01:53]} 15. b3 {[%emt 0:00:22]} Qa6 {[%emt 0:02:06]} 16. Qe3 { [%emt
0:01:28]} c4 {[%emt 0:01:08]} 17. e5 {[%emt 0:00:31]} dxe5 {[%emt 0:01:09]} 18.
Nxe5 {[%emt 0:00:05]} Nxe5 {[%emt 0:00:01]} 19. Bxe5 {[%emt 0:00:04]} Rc8
{[%emt 0:00:04]} 20. Na4 {[%emt 0:00:57]} Rb5 {[%emt 0:00:18]} 21. Nc3 { [%emt
0:00:26]} Rb7 {[%emt 0:00:10]} 22. Qd4 {[%emt 0:00:31]} cxb3 {[%emt 0:00:40]}
23. axb3 {[%emt 0:00:01]} Qb6 {[%emt 0:00:01]} 24. Qh4 {[%emt 0:01:16]} Qb4
{[%emt 0:00:50]} 25. Qxb4 {[%emt 0:01:02]} Rxb4 {[%emt 0:00:00]} 26. d6 { [%emt
0:00:05]} exd6 {[%emt 0:00:03]} 27. Bxf6 {[%emt 0:00:03]} Bxf6 {[%emt 0:00:00]}
28. Nd5 {[%emt 0:00:02]} Bxa1 {[%emt 0:00:01]} 29. Nxb4 {[%emt 0:01:14] } Be5
{[%emt 0:00:02]} 30. Nd5 {[%emt 0:00:03]} Rb8 {[%emt 0:00:02]} 31. b4 { [%emt
0:00:04]} Kg7 {[%emt 0:00:04]} 32. Kf1 {[%emt 0:00:01]} Rb5 {[%emt 0:00:06]}
33. Ke2 {[%emt 0:00:02]} Bb2 {[%emt 0:00:02]} 34. Rd3 {[%emt 0:00:16]} f5
{[%emt 0:00:09]} 35. Kd2 {[%emt 0:00:01]} Kf7 {[%emt 0:00:02]} 36. Kc2 { [%emt
0:00:01]} Be5 {[%emt 0:00:03]} 37. Kb3 {[%emt 0:00:01]} f4 {[%emt 0:00:03]} 38.
Kc4 {[%emt 0:00:01]} Rb7 {[%emt 0:00:01]} 39. b5 {[%emt 0:00:02]} Ke6 {[%emt
0:00:01]} 40. b6 {[%emt 0:00:02]} g5 {[%emt 0:00:12]} 41. Kb5 {[%emt 0:00:02]}
Kd7 {[%emt 0:00:01]} 42. Ra3 {[%emt 0:00:02]} Bd4 {[%emt 0:00:04]} 43. f3
{[%emt 0:00:07]} h5 {[%emt 0:00:04]} 44. Ra8 {[%emt 0:00:07]} Bc5 {[%emt
0:00:05]} 45. Rh8 {[%emt 0:00:03]} h4 {[%emt 0:00:01]} 46. Rh7+ {[%emt
0:00:01]} Kc8 {[%emt 0:00:01]} 47. Ne7+ {[%emt 0:00:03]} Kb8 {[%emt 0:00:02]}
48. Nc6+ { [%emt 0:00:01]} Kc8 {[%emt 0:00:01]} 49. Rh8+ {[%emt 0:00:06]} Kd7
{[%emt 0:00:01]} 50. Rd8+ {[%emt 0:00:02]} Ke6 {[%emt 0:00:01]} 51. Re8+ {[%emt
0:00:01]} Kd5 {[%emt 0:00:01]} 52. Re7 {[%emt 0:00:02]} Rxb6+ {[%emt 0:00:01]}
53. Ka5 { [%emt 0:00:05]} Rxc6 {[%emt 0:00:00]} 54. Rg7 {[%emt 0:00:03]} Bd4
{[%emt 0:00:01]} 55. Rxg5+ {[%emt 0:00:02]} Be5 {[%emt 0:00:00]} 56. Kb4 {[%emt
0:00:03]} Rc5 {[%emt 0:00:00]} 57. Rh5 {[%emt 0:00:02]} Rc2 {[%emt 0:00:01]}
58. Rxh4 { [%emt 0:00:01]} Rxg2 {[%emt 0:00:01]} 59. Rh5 {[%emt 0:00:01]} Rg3
{[%emt 0:00:01]} 60. h4 {[%emt 0:00:01]} Rxf3 {[%emt 0:00:01]} 61. Rf5 {[%emt
0:00:01]} Rh3 {[%emt 0:00:01]} 62. h5 {[%emt 0:00:01]} f3 {[%emt 0:00:01]} 63.
h6 {[%emt 0:00:02]} Rxh6 {[%emt 0:00:02]} 64. Rxf3 {[%emt 0:00:01]} Rh4+ {[%emt
0:00:00]} 65. Kb3 {[%emt 0:00:01]} Rg4 {[%emt 0:00:01]} 66. Rd3+ {[%emt
0:00:05]} Ke4 { [%emt 0:00:02]} 67. Kc4 {[%emt 0:00:02]} Rg1 {[%emt 0:00:05]}
68. Rd2 {[%emt 0:00:02]} Rc1+ {[%emt 0:00:02]} 69. Kb3 {[%emt 0:00:01]} Ke3
{[%emt 0:00:02]} 70. Rd5 {[%emt 0:00:02]} Rc5 {[%emt 0:00:06]} 71. Rd1 {[%emt
0:00:03]} Ke2 { [%emt 0:00:03]} 72. Rh1 {[%emt 0:00:03]} d5 {[%emt 0:00:01]}
73. Kb4 {[%emt 0:00:01]} Rc4+ {[%emt 0:00:02]} 74. Kb3 {[%emt 0:00:02]} Rc8
{[%emt 0:00:02]} 75. Rh7 {[%emt 0:00:02]} Re8 {[%emt 0:00:05]} 76. Kc2 {[%emt
0:00:02]} d4 {[%emt 0:00:02]} 77. Rd7 {[%emt 0:00:02]} d3+ {[%emt 0:00:06]} 78.
Kb3 {[%emt 0:00:04]} d2 {[%emt 0:00:02]} 0-1

[Event "DSJ Weihnachtsturnier U20 2020"]
[Site "https://play.chessbase.com/en/play?room=DSJWeihnachtU20"]
[Date "2020.12.29"]
[Round "2"]
[White "Colbow, Collin"]
[Black "Trinh, Fabian Dat"]
[Result "1-0"]
[Termination "normal"]
[Board "2.3"]
[WhiteTitle "FM"]
[WhiteElo "2339"]
[BlackElo "1818"]
[WhiteTeam "SV Werder Bremen"]
[BlackTeam "Schachverein Hemer 1932"]
[PlyCount "59"]
[WhiteFideId "16201132"]
[BlackFideId "16243641"]
[EventRounds "7"]
[EventType "team-swiss"]
[EventDate "2020.12.29"]

1. e4 {[%emt 0:00:04]} e5 {[%emt 0:00:02]} 2. Nf3 {[%emt 0:00:01]} Nc6 { [%emt
0:00:02]} 3. Bc4 {[%emt 0:00:01]} Bc5 {[%emt 0:00:02]} 4. d4 {[%emt 0:00:01]}
Bxd4 {[%emt 0:00:06]} 5. Nxd4 {[%emt 0:00:01]} Nxd4 {[%emt 0:00:04]} 6. Be3
{[%emt 0:00:02]} Nc6 {[%emt 0:00:28]} 7. Qg4 {[%emt 0:00:04]} Qf6 {[%emt
0:00:45]} 8. Nc3 {[%emt 0:00:11]} d6 {[%emt 0:00:08]} 9. Qg3 {[%emt 0:00:54]}
Nge7 {[%emt 0:00:13]} 10. Nb5 {[%emt 0:00:13]} Kd8 {[%emt 0:00:29]} 11. O-O-O {
[%emt 0:00:07]} Be6 {[%emt 0:00:40]} 12. Bd5 {[%emt 0:00:57]} a6 {[%emt
0:00:30]} 13. Bxc6 {[%emt 0:02:15]} bxc6 {[%emt 0:00:03]} 14. Bg5 {[%emt
0:00:33]} Qg6 {[%emt 0:00:06]} 15. Nxc7 {[%emt 0:00:09]} Kxc7 {[%emt 0:01:07]}
16. Bxe7 { [%emt 0:00:03]} Qxg3 {[%emt 0:00:03]} 17. Bxd6+ {[%emt 0:00:01]} Kb6
{[%emt 0:00:12]} 18. hxg3 {[%emt 0:00:00]} f6 {[%emt 0:00:07]} 19. f4 {[%emt
0:00:17]} exf4 {[%emt 0:00:04]} 20. gxf4 {[%emt 0:00:00]} h6 {[%emt 0:00:11]}
21. f5 { [%emt 0:00:44]} Bf7 {[%emt 0:00:38]} 22. e5 {[%emt 0:00:02]} fxe5
{[%emt 0:00:44]} 23. Bxe5 {[%emt 0:00:00]} Rhg8 {[%emt 0:00:05]} 24. Rd7 {[%emt
0:00:07]} Ra7 {[%emt 0:00:16]} 25. Bd4+ {[%emt 0:00:06]} c5 {[%emt 0:00:05]}
26. Bxc5+ { [%emt 0:00:02]} Kxc5 {[%emt 0:00:08]} 27. Rxa7 {[%emt 0:00:01]} Bd5
{[%emt 0:00:14]} 28. Rxa6 {[%emt 0:00:26]} Bxg2 {[%emt 0:00:02]} 29. Rg1 {[%emt
0:00:42] } Be4 {[%emt 0:00:02]} 30. Rxh6 {[%emt 0:00:11]} 1-0

[Event "DSJ Weihnachtsturnier U20 2020"]
[Site "https://play.chessbase.com/en/play?room=DSJWeihnachtU20"]
[Date "2020.12.29"]
[Round "2"]
[White "Leonard, Timo"]
[Black "Helms, Finn"]
[Result "0-1"]
[Termination "normal"]
[Board "2.4"]
[WhiteElo "1953"]
[BlackElo "1934"]
[WhiteTeam "Schachverein Hemer 1932"]
[BlackTeam "SV Werder Bremen"]
[PlyCount "54"]
[WhiteFideId "16208757"]
[BlackFideId "16249143"]
[EventRounds "7"]
[EventType "team-swiss"]
[EventDate "2020.12.29"]

1. d4 {[%emt 0:00:00]} Nf6 {[%emt 0:00:13]} 2. Nf3 {[%emt 0:00:02] Werder1-004
reconnected.} g6 {[%emt 0:00:36]} 3. Bg5 {[%emt 0:00:04]} Bg7 {[%emt 0:00:02]}
4. Nbd2 {[%emt 0:00:01]} d6 {[%emt 0:00:02]} 5. c3 {[%emt 0:00:02]} O-O { [%emt
0:00:01]} 6. e4 {[%emt 0:00:01]} h6 {[%emt 0:00:06]} 7. Bh4 {[%emt 0:00:02]} g5
{[%emt 0:00:05]} 8. Bg3 {[%emt 0:00:01]} c5 {[%emt 0:00:06]} 9. Bd3 { [%emt
0:00:24]} cxd4 {[%emt 0:00:31] Werder1-004 reconnected.} 10. Nxd4 { [%emt
0:00:14]} Nc6 {[%emt 0:00:06]} 11. Nf5 {[%emt 0:00:23]} Bxf5 {[%emt 0:00:10]}
12. exf5 {[%emt 0:00:00]} Qb6 {[%emt 0:00:12]} 13. Nc4 {[%emt 0:00:58]} Qc7
{[%emt 0:00:33]} 14. Ne3 {[%emt 0:00:30]} Rac8 {[%emt 0:00:20]} 15. h4 { [%emt
0:00:03]} Ne5 {[%emt 0:00:55]} 16. Bxe5 {[%emt 0:00:55]} dxe5 {[%emt 0:00:00]}
17. hxg5 {[%emt 0:00:03]} hxg5 {[%emt 0:00:04]} 18. Ng4 {[%emt 0:01:27] } Rfd8
{[%emt 0:01:11]} 19. Nxf6+ {[%emt 0:00:14]} Bxf6 {[%emt 0:00:12]} 20. Qf3
{[%emt 0:00:24]} e4 {[%emt 0:00:23]} 21. Bxe4 {[%emt 0:00:07]} b5 {[%emt
0:00:12]} 22. O-O {[%emt 0:01:47]} Kg7 {[%emt 0:00:11]} 23. g3 {[%emt 0:00:10]}
Rd2 {[%emt 0:00:22]} 24. Kg2 {[%emt 0:00:24]} Rxb2 {[%emt 0:00:42]} 25. Rh1 {
[%emt 0:00:04] Werder1-004 reconnected.} Qxc3 {[%emt 0:00:42]} 26. Qh5 { [%emt
0:00:08]} Qd4 {[%emt 0:00:29]} 27. Qf3 {[%emt 0:01:13]} Rc3 {[%emt 0:00:19]}
0-1

[Event "DSJ Weihnachtsturnier U20 2020"]
[Site "https://play.chessbase.com/en/play?room=DSJWeihnachtU20"]
[Date "2020.12.29"]
[Round "2"]
[White "Bethke, Richard"]
[Black "Roseneck, Jonas"]
[Result "1-0"]
[Termination "normal"]
[Board "3.1"]
[WhiteTitle "FM"]
[BlackTitle "FM"]
[WhiteElo "2332"]
[BlackElo "2401"]
[WhiteTeam "SF Neuberg"]
[BlackTeam "SG Aufbau Elbe Magdeburg"]
[PlyCount "81"]
[WhiteFideId "12959243"]
[BlackFideId "12939870"]
[EventRounds "7"]
[EventType "team-swiss"]
[EventDate "2020.12.29"]

1. e4 {[%emt 0:00:02]} c5 {[%emt 0:00:03]} 2. Nf3 {[%emt 0:00:01]} d6 {[%emt
0:00:02]} 3. d4 {[%emt 0:00:01]} cxd4 {[%emt 0:00:01]} 4. Nxd4 {[%emt 0:00:00]}
Nf6 {[%emt 0:00:01]} 5. Nc3 {[%emt 0:00:01]} a6 {[%emt 0:00:00]} 6. Be3 { [%emt
0:00:01]} e5 {[%emt 0:00:01]} 7. Nf3 {[%emt 0:00:01]} Be7 {[%emt 0:00:01] } 8.
Bc4 {[%emt 0:00:01]} O-O {[%emt 0:00:02]} 9. O-O {[%emt 0:00:01]} Be6 { [%emt
0:00:01]} 10. Bb3 {[%emt 0:00:01]} b5 {[%emt 0:00:05]} 11. Bg5 {[%emt 0:00:33]}
Nbd7 {[%emt 0:00:06]} 12. Bxf6 {[%emt 0:00:20]} Nxf6 {[%emt 0:00:02]} 13. Re1
{[%emt 0:00:13]} Rc8 {[%emt 0:00:24]} 14. h3 {[%emt 0:00:12]} Qc7 { [%emt
0:00:09]} 15. Rc1 {[%emt 0:00:04]} Rfd8 {[%emt 0:00:55]} 16. Qd3 { [%emt
0:00:08]} Bc4 {[%emt 0:00:09]} 17. Bxc4 {[%emt 0:00:22]} Qxc4 {[%emt 0:00:06]}
18. Qxc4 {[%emt 0:00:01]} Rxc4 {[%emt 0:00:03]} 19. Nd2 {[%emt 0:00:02] } Rcc8
{[%emt 0:00:33]} 20. Nf1 {[%emt 0:00:47]} b4 {[%emt 0:00:04]} 21. Na4 { [%emt
0:00:01]} d5 {[%emt 0:00:12]} 22. exd5 {[%emt 0:00:03]} Nxd5 {[%emt 0:01:11]}
23. Rxe5 {[%emt 0:00:04]} Bf6 {[%emt 0:00:00]} 24. Re4 {[%emt 0:00:06]} Bg5
{[%emt 0:00:05]} 25. Rd1 {[%emt 0:00:08]} Bf6 {[%emt 0:00:39]} 26. Rxd5 { [%emt
0:00:21]} Rxd5 {[%emt 0:00:02]} 27. Nb6 {[%emt 0:00:01]} Rdd8 {[%emt 0:00:15]}
28. Nxc8 {[%emt 0:00:02]} Rxc8 {[%emt 0:00:00]} 29. Rxb4 {[%emt 0:00:01]} h6
{[%emt 0:00:00]} 30. c3 {[%emt 0:00:05]} Rd8 {[%emt 0:00:01]} 31. Ne3 { [%emt
0:00:08]} Rd2 {[%emt 0:00:02]} 32. Kf1 {[%emt 0:00:16]} Bh4 {[%emt 0:00:05]}
33. g3 {[%emt 0:00:02]} Bg5 {[%emt 0:00:02]} 34. Nc4 {[%emt 0:00:12]} Rc2
{[%emt 0:00:05]} 35. h4 {[%emt 0:00:19]} Be7 {[%emt 0:00:02]} 36. Rb8+ { [%emt
0:00:11]} Bf8 {[%emt 0:00:15]} 37. Ke1 {[%emt 0:00:13]} g5 {[%emt 0:00:01]} 38.
hxg5 {[%emt 0:00:16]} hxg5 {[%emt 0:00:00]} 39. Ne5 {[%emt 0:00:14]} Kg7 {[%emt
0:00:12]} 40. Nd3 {[%emt 0:00:05]} Bd6 {[%emt 0:00:22]} 41. Rb6 { [%emt
0:00:05] Elbe-MD001 gibt auf} 1-0

[Event "DSJ Weihnachtsturnier U20 2020"]
[Site "https://play.chessbase.com/en/play?room=DSJWeihnachtU20"]
[Date "2020.12.29"]
[Round "2"]
[White "Sieber, Fiona"]
[Black "Bethke, Robert"]
[Result "0-1"]
[Termination "normal"]
[Board "3.2"]
[WhiteTitle "WIM"]
[WhiteElo "2275"]
[BlackElo "2100"]
[WhiteTeam "SG Aufbau Elbe Magdeburg"]
[BlackTeam "SF Neuberg"]
[PlyCount "42"]
[WhiteFideId "12902373"]
[BlackFideId "12959251"]
[EventRounds "7"]
[EventType "team-swiss"]
[EventDate "2020.12.29"]

1. e4 {[%emt 0:00:09]} e5 {[%emt 0:00:01]} 2. Nf3 {[%emt 0:00:03]} Nf6 { [%emt
0:00:07]} 3. Nxe5 {[%emt 0:00:05]} d6 {[%emt 0:00:04]} 4. Nf3 {[%emt 0:00:05]}
Nxe4 {[%emt 0:00:04]} 5. Nc3 {[%emt 0:00:03]} Nxc3 {[%emt 0:00:01]} 6. dxc3
{[%emt 0:00:01]} Be7 {[%emt 0:00:00]} 7. Be3 {[%emt 0:00:04]} Nc6 { [%emt
0:00:01]} 8. Qd2 {[%emt 0:00:04]} Be6 {[%emt 0:00:01]} 9. O-O-O {[%emt
0:00:03]} Bxa2 {[%emt 0:00:01]} 10. b3 {[%emt 0:00:10]} a5 {[%emt 0:00:02]} 11.
Kb2 {[%emt 0:00:21]} a4 {[%emt 0:00:02]} 12. Kxa2 {[%emt 0:00:04]} axb3+ {
[%emt 0:00:01]} 13. Kxb3 {[%emt 0:00:54]} Ra5 {[%emt 0:00:04]} 14. Bc4 { [%emt
0:00:55]} Qa8 {[%emt 0:00:22]} 15. Kb2 {[%emt 0:00:09]} d5 {[%emt 0:00:03]} 16.
Bxd5 {[%emt 0:00:39]} Ba3+ {[%emt 0:00:03]} 17. Kb1 {[%emt 0:00:10]} Bd6 {[%emt
0:00:02]} 18. Kb2 {[%emt 0:00:46]} Rb5+ {[%emt 0:00:06]} 19. Bb3 { [%emt
0:00:02]} Qa3+ {[%emt 0:00:01]} 20. Kb1 {[%emt 0:00:01]} Ra5 {[%emt 0:00:01]}
21. Bxf7+ {[%emt 0:00:45]} Kf8 {[%emt 0:00:07] Elbe-MD002 gibt auf} 0-1